North American Pro Sports Teams Mascots - Statistics

General Stats
  • This quiz has been taken 52 times
  • The average score is 25 of 132
Answer Stats
Answer % Correct
Carlton the Bear
61%
Staley Da Bear
61%
T.C. Bear
61%
Clutch the Bear
58%
Jazz Bear
58%
Benny the Bull
50%
Blue
47%
Rocky the Mountain Lion
47%
Tommy Hawk
47%
Freddie Falcon
45%
Mr Met
45%
Slamson the Lion
42%
Bernie Brewer
39%
Harry the Hawk
39%
Stanley C. Panther
39%
Bango the Buck
37%
Mr Red
37%
Pat Patriot
37%
Phillie Phanatic
37%
Big Red
34%
Billy the Marlin
34%
Howler the Coyote
34%
Hugo the Hornet
34%
Mrs Met
34%
Billy Buffalo
32%
Blades the Bruin
29%
Go the Gorilla
29%
Gritty
29%
N.J. Devil
29%
Rosie Red
29%
The Coyote
29%
The Raptor
29%
Viktor E. Rat
29%
Wally the Green Monster
29%
Crunch the Wolf
26%
Sir Saint
26%
The Oriole Bird
26%
Bernie the St Bernard
24%
Blaze the Trail Cat
24%
Grizz
24%
K.C. Wolf
24%
Moon Dog
24%
Franklin the Dog
21%
G-Wiz
21%
Lucky the Leprechaun
21%
Pierre the Pelican
21%
Victor E. Green
21%
Youppi!
21%
Baxter the Bobcat
18%
Benny
18%
Brownie the Elf
18%
Slider
18%
Chomps
16%
Fin the Whale
16%
Mick E. Moose
16%
Orbit
16%
Pirate Parrot
16%
Rangers Captain
16%
Sabretooth
16%
S.J. Sharkie
16%
Sourdough Sam
16%
Steely McBeam
16%
Fredbird
13%
Sir CC
13%
Sluggerrr
13%
Stinger
13%
Swinging Friar
13%
T-Rac
13%
Viktor
13%
Wild Wing
13%
Air Swoop
11%
Boom
11%
Captain Fear
11%
Chance
11%
Clark
11%
Dinger
11%
Harvey the Hound
11%
Lou Seal
11%
Mariner Moose
11%
Nordy
11%
Paws
11%
Roary
11%
Sir Purr
11%
Southpaw
11%
Stormy
11%
Swoop
11%
Tessie
11%
Bailey
8%
Barrelman
8%
Blitz
8%
Blooper
8%
Burnie
8%
Champ
8%
Gapper
8%
Hooper
8%
Mavs Man
8%
Miles
8%
Mr Redlegs
8%
Poe
8%
Raymond
8%
Rowdy
8%
Rumble the Bison
8%
Sparky the Dragon
8%
Stuff the Magic Dragon
8%
T.D.
8%
The Racing Presidents
8%
Toro
8%
Who Dey
8%
Ace
5%
Al the Octopus
5%
Boomer
5%
Caroline
5%
Chuck the Condor
5%
DJ Kitty
5%
Gnash
5%
Gumbo
5%
Hunter
5%
Iceburgh
5%
Jaxson de Ville
5%
Louie
5%
Raider Rusher
5%
Rally Squirrel
5%
Rampage
5%
Spartacat
5%
Stomper
5%
Thunderbug
5%
D-Backs Luchador
3%
Junior
3%
Screech
3%
Slapshot
3%
The Sausages
3%
The Pierogis
0%
No matching quizzes found
Score Distribution
Percent of People with Each Score
Percentile by Number Answered
Your Score History
You have not taken this quiz